| 000 | 00903nam a2200253Ia 4500 | ||
|---|---|---|---|
| 003 | OSt | ||
| 005 | 20221005104709.0 | ||
| 006 | a|||||r|||| 00| 0 | ||
| 007 | ta | ||
| 008 | 221004b |||||||| |||| 00| 0 hin d | ||
| 024 | _a109053 | ||
| 037 | _cTextual | ||
| 040 |
_aCRL _cCRL _bhin |
||
| 041 |
_2hin _ahin |
||
| 082 | _aO152,1(Q223):gN, M4 | ||
| 100 | _aगौड़, रामशरण | ||
| 245 | 0 | _aआधुनिक कृष्ण काव्य में पौराणिक आख्यान | |
| 246 | _aĀdhunik kṛuṣhṇa kāvya mean paurāṇik ākhyāna | ||
| 260 |
_aदिल्ली _bविभूति प्रकाशन भारत _c1984 |
||
| 300 |
_a352पृ0 _ccm. |
||
| 650 | _aहिन्दी साहित्य | ||
| 942 |
_hO152,1(Q223):gN, M4 _cTEXL _2cc |
||
| 999 |
_c1013534 _d1013534 |
||